000 00659nam a2200229 a 4500
001 BRL_150
005 20190320210618.0
008 181012s1955----u--a######---#000-0#eng-#
041 _aeng
044 _au
050 4 _aND588.K5
_b.P38 1955
245 1 0 _aPaul Klee
_ctext by Will Grohmann.
260 _aEstados Unidos
_bAbrams art book
_c1955
300 _a1 v. (sin paginación)
_bil., 13 láminas
_c38 cm.
440 0 _a16 beautiful full color prints
_923048
500 _aEstado fìsico: algunas hojas desprendidas
500 _aAu175
600 1 4 _aKlee, Paul
_d1879-1940
_923012
700 1 _aGrohmann, Will
_923049
902 _aGRL
942 _2lcc
_cB
999 _c8963
_d8963